000 00819nam a2200217 i 4500
001 121659
003 ES-MaACL
005 20250904063056.0
007 t|
008 070214s1914 sp r ||||1| spa d
100 1 _aPorteiro Garea, Luis,
_d1888-1918
_993200
245 1 3 _aEl sistema parlamentario en España y sus relaciones con el caciquismo :
_btesis para el grado de doctor en derecho /
_cLuis Porteiro Garea.
260 _aMadrid :
_b[s.n.],
_c1914 (
_fImp. de Juan Pueyo)
300 _a80 p. ;
_c23 cm.
502 _aTesis doctoral.
594 _aEn p. 1, a pie del texto: Ateneo de Madrid, 26-IV-1913.
650 4 _aParlamentarismo-
_zEspaña.
_9154821
650 7 _aCaciquismo
_2embne
_9226982
852 _aES-MaACL
_jT-1396-F-2
_z- Dedicatoria autógrafa del autor
999 _c121659
_d121659